00285nam a2200109Ia 4500008004100000041000800041082001600049100000800065245005000073260003300123300001900156241028s9999 xx 000 0 und d aeng a005.133 RAO aRao aMachine Learning In Data Science Using Python bWiley IndiaaNew Delhic2022 a926;. P. 23 cm